| 000 | 00360nam a2200133Ia 4500 | ||
|---|---|---|---|
| 008 | 231129s1978||||xx |||||||||||||| ||spa|| | ||
| 040 | _bspa | ||
| 082 | _a086 M672r (EN PROCESO DE DESCARTE) Ej. 1 | ||
| 100 | _aMiranda Alvaro | ||
| 245 | 0 | _aRevista de las indias (1936-1950) | |
| 260 | _c1978 | ||
| 264 | _a(Bogotá Colombia: colcultura | ||
| 942 |
_2ddc _cBKS |
||
| 999 |
_c24083 _d24083 |
||